UBT Library

Pharmacology connections to nursing practice (Record no. 2397)

000 -LEADER
fixed length control field 00359nam a22001337a 4500
008 - FIXED-LENGTH DATA ELEMENTS--GENERAL INFORMATION
fixed length control field 160523b xxu||||| |||| 00| 0 eng d
020 ## - INTERNATIONAL STANDARD BOOK NUMBER
International Standard Book Number 9780131525993
020 ## - INTERNATIONAL STANDARD BOOK NUMBER
International Standard Book Number 9780131525993
020 ## - INTERNATIONAL STANDARD BOOK NUMBER
International Standard Book Number 01315255999
041 ## - LANGUAGE CODE
Language code of text/sound track or separate title eng
080 ## - UNIVERSAL DECIMAL CLASSIFICATION NUMBER
Universal Decimal Classification number 615
245 ## - TITLE STATEMENT
Title Pharmacology connections to nursing practice
Statement of responsibility, etc Michael Patrick Adams; Robert W. Koch;
942 ## - ADDED ENTRY ELEMENTS (KOHA)
Source of classification or shelving scheme
Item type Books
Holdings
Withdrawn status Lost status Source of classification or shelving scheme Damaged status Not for loan Collection code Permanent location Current location Shelving location Date acquired Total Checkouts Full call number Barcode Date last seen Price effective from Koha item type
          Koleksioni i përgjithshem UBT - Lipjan UBT - Lipjan Koleksioni i përgjithshem 05/23/2016   615 ADA 002-035834 05/23/2016 05/23/2016 Books
          Koleksioni i përgjithshem UBT - Lipjan UBT - Lipjan Koleksioni i përgjithshem 03/04/2021   615 ADA 002-7000739 03/04/2021 03/04/2021 Books
UBT Library © 2015-2024. All rights reserved University Education for Business and Technology